Language Quiz

Random Language or Puzzle Quiz
Score 0/12 Timer 06:00
0 Plays Today
% Correct
X - Lunchbox
95.4%
B - Feedback
86.8%
A - Pleasant
83.6%
U - Shoulder
82.6%
G - Yearling
81.9%
K - Munchkin
79.3%
H - Heighten
76.8%
V - Activist
75.6%
C - Distinct
74.7%
T - Clarinet
73.8%
L - Outlawed
73.2%
M - Umbrella
71.4%

You're not logged in!

Compare scores with friends on all Sporcle quizzes.
OR
Log In

Sporcle TV

Today on Sporcle TV


Watch our educational content, quiz creation guides, and fun videos on Sporcle TV.

Show Comments

Extras

Top Quizzes Today


Score Distribution

Paid Content

Your Account Isn't Verified!

In order to create a playlist on Sporcle, you need to verify the email address you used during registration. Go to your Sporcle Settings to finish the process.

Report this User

Report this user for behavior that violates our Community Guidelines.

Details: